[Event "Steinfurt Bezirksliga 1112"]
[Site "Germany"]
[Date "2012.02.04"]
[Round "5.8"]
[White "Schmidt, Frank1"]
[Black "Schulze Oechtering, Matthias"]
[Result "1/2-1/2"]
[WhiteElo "1643"]
[BlackElo "1841"]
[PlyCount "31"]
[EventDate "2011.10.01"]
[EventType "team-tourn"]
[EventRounds "9"]
[EventCountry "GER"]
[SourceTitle "EXT 2013"]
[Source "ChessBase"]
[SourceDate "2012.11.22"]
[SourceVersion "1"]
[SourceVersionDate "2012.11.22"]
[SourceQuality "1"]
[WhiteTeam "Emsdetten Rochade II"]
[BlackTeam "Neuenkirchen II"]
[WhiteTeamCountry "GER"]
[BlackTeamCountry "GER"]

1. d4 d5 2. c4 dxc4 3. e3 Nf6 4. Bxc4 e6 5. Nf3 c5 6. 0-0 a6 7. a4 Nc6 8. Nc3 cxd4 9. Nxd4 Nxd4 10. exd4 Bb4 11. Qb3 Bxc3 12. bxc3 0-0 13. Re1 Qc7 14. h3 b6 15. Bg5 Bb7 16. Bxf6 1/2-1/2